000
00276nam a22001217a 4500
082
_a
823
_b
JOH/T
100
_a
BUCHAN, JOHN
245
_a
THE THIRTY-NINE STEPS
260
_a
LONDON
_b
PAN BOOKS LTD
_c
1953
300
_a
137
650
_a
ENGLISH STORY
_z
UNITED KINGDOM
942
_c
BK
999
_c
7308
_d
7308